| 000 | 00715nam a2200277Ia 4500 | ||
|---|---|---|---|
| 001 | Z_63 | ||
| 003 | CHAP | ||
| 008 | 220113s1984 xx 000 0 und d | ||
| 010 | _a163029 | ||
| 040 | _cCHAP | ||
| 082 | _a636.5 N67 | ||
| 100 |
_aNorth, Mack O _981812 |
||
| 245 |
_aCommercial chicken production manual / _cby Mack O. North |
||
| 260 |
_aWestport, Conn : _bThe Avi Publishing Company, _c1984 |
||
| 300 |
_a710 p. : _bilus.; gráfs. |
||
| 440 |
_aAnimal science textbook series _95853 |
||
| 503 | _aej.1:146356 | ||
| 650 |
_aAves de corral _98636 |
||
| 650 |
_aAvicultura I. t. _9137187 |
||
| 901 | _a636.5 N67 | ||
| 902 | _aM | ||
| 910 | _a1984 | ||
| 942 | _c1 | ||
| 942 | _cc1 | ||
| 999 |
_c163029 _d163029 |
||